000 01084cas a2200277 a 4500
001 11250776
005 20240311035843.0
008 810119c19819999mduqr p o 0 a0eng c
020 _a02750392
040 _aNSD
_beng
_cNSD
_dCLU
_dNSD
_dHUL
_dDLC
_dNST
_dDLC
_dNST
_dAIP
_dNST
_dAIP
_dNST
_dNSD
_dNST
_dNSD
_dNST
_dNSD
_dGUA
_dIUL
_dMYG
_dOCL
_dCUS
_dIUL
_dOCL
_dGUA
_dSYS
_dOCL
_dNLM
_dOCLCQ
_dEYM
_dCUS
_dNLGGC
_dLVB
_dNYDWH
_dNSD
_dOCLCQ
_dUKMGB
_dOCLCF
_dOCLCO
_dP4I
_dDEBBG
_dOCLCO
_dI8M
_dOCLCQ
_dNLC
_dOCLCQ
_dSLR
_dAU@
_dOCLCQ
_dHTM
_dOCLCQ
_dCGU
_dIL4J6
_dOCLCO
_dPWQ
_dOCLCQ
082 0 4 _a323.4
_222
_bHum.
245 0 0 _aHuman rights quarterly.
_bA Comparative and international journal of the social sciences, philosophy, and law/
260 _aBaltimore :
_bJohns Hopkins University Press,
_c1981
300 _aiv, 157 p.,
650 0 _aCivil rights
650 6 _aDroits de l'homme
650 7 _ahuman rights.
650 7 _aCivil rights.
650 1 7 _aMensenrechten.
650 7 _aPublic law
650 7 _aPeriodicals
650 7 _aCivil rights
650 7 _aHuman rights
650 1 7 _aHUMAN RIGHTS.
942 _cL
999 _c566
_d566